Quan niệm và thực tiễn : Phát triển kinh tế, xã hội tốc độ nhanh, bền vững, chất lượng cao ở Việt Nam

שמור ב:
מידע ביבליוגרפי
מחבר ראשי: Đinh, Văn Ân
פורמט: ספר
שפה:Undetermined
יצא לאור: Hà Nội Thống Kê 2005
נושאים:
תגים: הוספת תג
אין תגיות, היה/י הראשונ/ה לתייג את הרשומה!
Thư viện lưu trữ: Trung tâm Học liệu Trường Đại học Cần Thơ
LEADER 00755nam a2200217Ia 4500
001 CTU_101000
008 210402s9999 xx 000 0 und d
020 |c 40000 
082 |a 330.9597 
082 |b Â121 
100 |a Đinh, Văn Ân 
245 0 |a Quan niệm và thực tiễn : 
245 0 |b Phát triển kinh tế, xã hội tốc độ nhanh, bền vững, chất lượng cao ở Việt Nam 
245 0 |c Đinh Văn Ân 
260 |a Hà Nội 
260 |b Thống Kê 
260 |c 2005 
650 |a Vietnam,Vietnam 
650 |x Developing countries,Socioeconomic aspects,Developing countries,Economic conditions 
904 |i Minh 
980 |a Trung tâm Học liệu Trường Đại học Cần Thơ